<?xml version="1.0" encoding="UTF-8"?>
<record
    xmlns:xsi="http://www.w3.org/2001/XMLSchema-instance"
    xsi:schemaLocation="http://www.loc.gov/MARC21/slim http://www.loc.gov/standards/marcxml/schema/MARC21slim.xsd"
    xmlns="http://www.loc.gov/MARC21/slim">

  <leader>00574nam a22001577a 4500</leader>
  <controlfield tag="005">20251010101133.0</controlfield>
  <controlfield tag="008">251010b        |||||||| |||| 00| 0 eng d</controlfield>
  <datafield tag="020" ind1=" " ind2=" ">
    <subfield code="a">9789699739057</subfield>
  </datafield>
  <datafield tag="040" ind1=" " ind2=" ">
    <subfield code="c">PK-LaUMT</subfield>
  </datafield>
  <datafield tag="082" ind1=" " ind2=" ">
    <subfield code="a">956.015</subfield>
    <subfield code="b">HER-T</subfield>
  </datafield>
  <datafield tag="100" ind1=" " ind2=" ">
    <subfield code="a">Heraldliam =   &#x6C1;&#x6CC;&#x631;&#x627;&#x644;&#x688;&#x644;&#x6CC;&#x645; </subfield>
    <subfield code="9">7542</subfield>
  </datafield>
  <datafield tag="245" ind1=" " ind2=" ">
    <subfield code="a">Tareekh i sultnat i Usmania = &#x62A;&#x627;&#x631;&#x6CC;&#x62E; &#x633;&#x644;&#x637;&#x646;&#x62A; &#x639;&#x62B;&#x645;&#x627;&#x646;&#x6CC;&#x6C1;  :</subfield>
    <subfield code="b">Suleman Aleshan (1494-1566) =  (&#x633;&#x644;&#x6CC;&#x645;&#x627;&#x646; &#x639;&#x644;&#x6CC;&#x634;&#x627;&#x646; (1494-1566 /</subfield>
    <subfield code="c">by Heraldliam  = &#x6C1;&#x6CC;&#x631;&#x627;&#x644;&#x688;&#x644;&#x6CC;&#x645;</subfield>
  </datafield>
  <datafield tag="260" ind1=" " ind2=" ">
    <subfield code="a">Lahore :</subfield>
    <subfield code="b">Jumhoori Publications,</subfield>
    <subfield code="c">2012</subfield>
  </datafield>
  <datafield tag="300" ind1=" " ind2=" ">
    <subfield code="a">352 p.</subfield>
  </datafield>
  <datafield tag="942" ind1=" " ind2=" ">
    <subfield code="c">BK</subfield>
  </datafield>
  <datafield tag="999" ind1=" " ind2=" ">
    <subfield code="c">138831</subfield>
    <subfield code="d">138831</subfield>
  </datafield>
  <datafield tag="952" ind1=" " ind2=" ">
    <subfield code="0">0</subfield>
    <subfield code="1">0</subfield>
    <subfield code="4">0</subfield>
    <subfield code="7">0</subfield>
    <subfield code="a">01</subfield>
    <subfield code="b">01</subfield>
    <subfield code="d">2025-10-10</subfield>
    <subfield code="l">0</subfield>
    <subfield code="o">956.015 HER-T</subfield>
    <subfield code="p">88739</subfield>
    <subfield code="r">2025-10-10 10:10:09</subfield>
    <subfield code="w">2025-10-10</subfield>
    <subfield code="y">BK</subfield>
  </datafield>
  <datafield tag="952" ind1=" " ind2=" ">
    <subfield code="0">0</subfield>
    <subfield code="1">0</subfield>
    <subfield code="4">0</subfield>
    <subfield code="7">0</subfield>
    <subfield code="a">01</subfield>
    <subfield code="b">01</subfield>
    <subfield code="d">2025-10-10</subfield>
    <subfield code="l">0</subfield>
    <subfield code="o">956.015 HER-T</subfield>
    <subfield code="p">100978</subfield>
    <subfield code="r">2025-10-10 10:10:23</subfield>
    <subfield code="t">C.2</subfield>
    <subfield code="w">2025-10-10</subfield>
    <subfield code="y">BK</subfield>
  </datafield>
  <datafield tag="952" ind1=" " ind2=" ">
    <subfield code="0">0</subfield>
    <subfield code="1">0</subfield>
    <subfield code="4">0</subfield>
    <subfield code="7">0</subfield>
    <subfield code="a">01</subfield>
    <subfield code="b">01</subfield>
    <subfield code="d">2025-10-10</subfield>
    <subfield code="l">0</subfield>
    <subfield code="o">956.015 HER-T</subfield>
    <subfield code="p">150911</subfield>
    <subfield code="r">2025-10-10 10:10:45</subfield>
    <subfield code="t">C.3</subfield>
    <subfield code="w">2025-10-10</subfield>
    <subfield code="y">BK</subfield>
  </datafield>
</record>
